00987 2200205 4500001002100000005001500021035002000036245006800056100001800124250001700142300002800159700001900187260003500206082000800241084001400249020002200263650002100285520046200306500001300768INLIS00000000000081620241113083706 a0010-11240000391 aEnsiklopedia IPA SD :bMikroba /cDiah Rahmatia, Pipit Pitriana0 aDiah Rahmatia aCetakan Ke-1 a32 hlm :bIlus ;c32 cm0 aPipit Pitriana aJakarta :bGaneca Exact,c2006 a503 a503 DIA e a978-979-744-686-7 4aEnsiklopedia IPA aMikroba dapat bermanfaat dan sekaligus membahayakan bagi manusia. Mikroba dapat membantu pembentukan tape, yoghurt, dan es krim. Sebaliknya, mikroba dapat menyebabkan kita sakit flu, diare, atau sakit gigi. Buku ini membahas berbagai jenis mikroba yang ada di sekitar kita, bahkan yang ada di dalam tubuh kita. Tujuannya adalah agar para siswa terhindar dari berbagai bahaya mikroba dan agar nantinya mampu memanfaatkan mikroba untuk tujuan yang bermanfaat. aSeri IPA